Introduction to the theory of computation
Αποθηκεύτηκε σε:
| Κύριος συγγραφέας: | |
|---|---|
| Μορφή: | Βιβλίο |
| Γλώσσα: | English |
| Δημοσίευση: |
Boston :
Thomson Course Technology,
c2006.
|
| Έκδοση: | 2η εκδ. |
| Θέματα: | |
| Ετικέτες: |
Προσθήκη ετικέτας
Δεν υπάρχουν, Καταχωρήστε ετικέτα πρώτοι!
|
MARC
| LEADER | 00000cam a2200000 i 4500 | ||
|---|---|---|---|
| 001 | 1/50926 | ||
| 008 | 070807s2006 mau| ||| |||| ||eng|| | ||
| 020 | |a 0619217642 | ||
| 035 | |l 10089583 | ||
| 040 | |a GR-MyUa |b gre |e AACR2 | ||
| 041 | 0 | |a eng | |
| 082 | 7 | |a 511.35 |2 (22) | |
| 100 | 1 | |a Sipser, Michael. | |
| 245 | 1 | 0 | |a Introduction to the theory of computation / |c Michael Sipser. |
| 250 | |a 2η εκδ. | ||
| 260 | |a Boston : |b Thomson Course Technology, |c c2006. | ||
| 300 | |a xix, 431 σ. : |b εικ. ; |c 25 εκ. | ||
| 504 | |a Περιλαμβάνει βιβλιογραφικές παραπομπές (σ. 415-419) και ευρετήριο. | ||
| 650 | 0 | |a Machine theory. | |
| 650 | 0 | |a Computational complexity. | |
| 767 | 0 | 8 | |i Μεταφρασμένο ως: |t Εισαγωγή στη θεωρία υπολογισμού / |
| 767 | 0 | 8 | |t Εισαγωγή στη θεωρία υπολογισμού / |
| 852 | |a INST |b SAMOS |e 20070807 |h 511.35 SIP |p 005300025588 |q 005300025588 |t BK |y 0 | ||
| 901 | |a BIBL3-2007-2 | ||
| 922 | |a 3ΕΛΗ |b 200707 |c ΕΠΕΑΕΚ2/ΤΜΠΕΣ |d Παπασωτηρίου | ||
| 970 | |a Σιτζίμη |b Γιασεμή |z 2007/08/07 | ||